00268nam a2200121Ia 45000030006000000080041000060400015000471000017000622450029000792600009001085460012001170050017001290STCL150530s9999 xx 000 0 und d aSTCLcSTCL aDawson, W.J. aMakers of modern english c1890 aEnglish20220125170842.0